[Event "Hradec Kralove op 7th"]
[Site "Hradec Kralove"]
[Date "2016.10.04"]
[Round "4"]
[White "Sobotnik, Petr"]
[Black "Piankov, Evgenij"]
[Result "0-1"]
[WhiteElo "1954"]
[BlackElo "2269"]
[PlyCount "70"]
[EventDate "2016.10.01"]
[EventType "swiss"]
[EventRounds "9"]
[EventCountry "CZE"]
[SourceTitle "EXT 2017"]
[Source "ChessBase"]
[SourceDate "2016.10.25"]
[SourceVersion "1"]
[SourceVersionDate "2016.10.25"]
[SourceQuality "1"]

1. c4 c6 2. d4 d5 3. e3 e6 4. Nf3 Bd6 5. Nc3 f5 6. Bd2 Nf6 7. Be2 0-0 8. Ne5 b6 9. f4 Bb7 10. cxd5 exd5 11. 0-0 Qe7 12. h3 Ne4 13. Nxe4 fxe4 14. Rc1 c5 15. Bc3 c4 16. g4 Nc6 17. Kg2 b5 18. Nxc6 Bxc6 19. Be1 b4 20. Bg3 a5 21. Qe1 a4 22. Bh4 Qd7 23. g5 a3 24. b3 cxb3 25. axb3 Bb5 26. Bg4 Bxf1+ 27. Qxf1 Qe8 28. Qe2 Rf7 29. f5 Rc7 30. Ra1 Rc3 31. f6 Rxb3 32. Ra2 Rd3 33. fxg7 b3 34. Bh5 Qe7 35. Qf2 Qxg7 0-1

[Event "Tatry op"]
[Site "Tatranske Zruby"]
[Date "2016.09.30"]
[Round "8"]
[White "Piankov, Evgenij"]
[Black "Zylka, Stanislaw"]
[Result "0-1"]
[WhiteElo "2254"]
[BlackElo "2279"]
[PlyCount "134"]
[EventDate "2016.09.24"]
[EventType "swiss"]
[EventRounds "9"]
[EventCountry "SVK"]
[SourceTitle "CBM 174 Extra"]
[Source "ChessBase"]
[SourceDate "2016.10.10"]
[SourceVersion "1"]
[SourceVersionDate "2016.10.10"]
[SourceQuality "1"]

1. d4 Nf6 2. Nf3 g6 3. Bg5 Bg7 4. e3 0-0 5. Be2 d6 6. 0-0 h6 7. Bh4 g5 8. Bg3 Ne4 9. Nbd2 Nxg3 10. hxg3 c5 11. c3 b6 12. Qc2 Na6 13. Rad1 Rb8 14. Rfe1 b5 15. Nf1 Qb6 16. a3 Bb7 17. g4 Rfc8 18. Qd3 Ba8 19. Ng3 e6 20. Rd2 Bd5 21. e4 Bc4 22. Qe3 cxd4 23. cxd4 b4 24. e5 bxa3 25. bxa3 Bxe2 26. Rdxe2 Nc7 27. Nh5 Nd5 28. Qd2 Nc3 29. Re3 Nd5 30. Rd3 Qb2 31. Nxg7 Kxg7 32. exd6 Rc2 33. Qd1 Rxf2 34. Rd2 Rxd2 35. Qxd2 Qxd2 36. Nxd2 Rd8 37. Ne4 Nf6 38. Nxf6 Kxf6 39. Kf2 Rxd6 40. Ke3 Ra6 41. Ra1 Ra4 42. Kd3 Ke7 43. Ke4 f6 44. Ra2 Kf7 45. Kd3 Kg6 46. Ra1 h5 47. gxh5+ Kxh5 48. Ke4 Kg4 49. Rf1 e5 50. Rxf6 exd4 51. Rf2 Rxa3 52. Kxd4 Kg3 53. Rc2 g4 54. Ke4 a6 55. Rb2 a5 56. Rc2 Kh2 57. Kf4 g3 58. Rb2 a4 59. Rc2 Rb3 60. Ra2 a3 61. Ke4 Rb2 62. Rxa3 Rf2 63. Ke3 Kxg2 64. Ra8 Kg1 65. Rb8 g2 66. Ra8 Rf7 67. Rb8 Rh7 0-1

[Event "Slask-ch Bak Memorial"]
[Site "Chorzow"]
[Date "2016.09.21"]
[Round "7"]
[White "Morkisz, Bogdan"]
[Black "Piankov, Evgenij"]
[Result "0-1"]
[WhiteElo "2020"]
[BlackElo "2254"]
[PlyCount "70"]
[EventDate "2016.09.17"]
[EventType "swiss"]
[EventRounds "9"]
[EventCountry "POL"]
[SourceTitle "EXT 2018"]
[Source "ChessBase"]
[SourceDate "2017.10.13"]
[SourceVersion "1"]
[SourceVersionDate "2017.10.13"]
[SourceQuality "1"]

1. e4 c6 2. d4 d5 3. e5 Bf5 4. Nd2 e6 5. Nb3 Nd7 6. Be3 Bg6 7. f4 Ne7 8. Nf3 Nc8 9. Be2 Ncb6 10. Qd2 Rc8 11. Nc5 Nxc5 12. dxc5 Nd7 13. Qc3 Be7 14. 0-0 0-0 15. g4 Be4 16. Bd3 b6 17. cxb6 Bxd3 18. b7 Bxf1 19. bxc8Q Qxc8 20. Rxf1 c5 21. Qe1 Qa6 22. a3 Qc4 23. Rf2 d4 24. Bc1 Qd5 25. Qe2 c4 26. c3 d3 27. Qe3 Bc5 28. Nd4 Bb6 29. Qf3 Nc5 30. Qxd5 exd5 31. Be3 Ne4 32. Rg2 Bxd4 33. cxd4 Rb8 34. Kf1 c3 35. b4 Rc8 0-1